Normal view MARC view
  • BPT

Entry Topical Term

Number of records used in: 1

001 - CONTROL NUMBER

  • control field: 8081

003 - CONTROL NUMBER IDENTIFIER

  • control field: JRU

005 - DATE AND TIME OF LATEST TRANSACTION

  • control field: 20230821103458.0

008 - FIXED-LENGTH DATA ELEMENTS

  • fixed length control field: 230821|| aca||aabn | a|a d

040 ## - CATALOGING SOURCE

  • Original cataloging agency: JRU
  • Transcribing agency: JRU

150 ## - HEADING--TOPICAL TERM

  • Topical term or geographic name as entry element: BPT

670 ## - SOURCE DATA FOUND

  • Source citation: Work cat.: (JRU)8375: ABBAS, ABDUL K AND KUMAR, VINAY 8080, ROBBINS & COTRAN PATHOLOGIC BASIS OF DISEASE VOL-I, 2021